Pokémon - La capacité Zénith - Statistiques

Statistiques générales
  • Ce quiz a été pris 15 fois
  • Le résultat moyen est 10 sur 22
Statistiques - réponses
Niveaux Pokémon % Correct
Niveau 63 Ho-Oh
69%
Niveau 52 Maganon
69%
Niveau 44 Magby
69%
Niveau 52 Magmar
69%
Départ Ceriflor
62%
Niveau 20 Morphéo
62%
Niveau 50 Sulfura
62%
Niveau 66 Entei
54%
Niveau 24 Grainipiot
54%
Niveau 36 Chlorobule
46%
Départ Fragilady
46%
Niveau 40 Héliatronc
46%
Niveau 36 Pifeuil
46%
Départ Tengalice
46%
Niveau 39 Doudouvet
38%
Départ Farfaduvet
38%
Niveau 40 Tournegrin
31%
Niveau 51 Floramantis
23%
Niveau 44 Maracachi
23%
Niveau 45 Mimantis
23%
Niveau 35 Phyllali
15%
Départ Archéodong
0%
Aucun quiz correspondant
Distribution des résultats
% des personnes avec chaque résultat
Percentile par nombre de réponses
Votre historique - résultats
Vous n’avez pas pris ce quiz